Gaming Quiz

Random Gaming Quiz

Match the Avengers Academy students to their voicelines Quiz Stats

 Plays Quiz not verified by Sporcle

Challenge
Share
Tweet
Embed
Score 0/130 Timer 20:00
0 Plays Today
% Correct
Groot
72.8%
A-Bomb
72.8%
Thor Foster
72.8%
Peggy Carter
72.6%
Baron Zemo
72.3%
Wasp
71.7%
Daredevil
71.5%
Star-Lord
71.2%
Blade
70.9%
Spider-Man
70.9%
Black Knight
70.7%
Black Widow
70.1%
Loki
70.1%
Luke Cage
69.3%
Doctor Voodoo
68.5%
Iron Fist
68.2%
Hulk
67.9%
The Lizard
67.4%
Doctor Strange
66.6%
Thor Odinson
66.6%
Spider-Man 2099
66%
Iron Man
65.2%
Satana
64.9%
Mary Jane
64.9%
Spider-Ham
63%
Black Cat
62.5%
Mordo
62%
Electro
61.4%
Captain America
61.1%
Spider-Gwen
60.1%
Gamora
59.5%
Falcon
59%
Drax the Destroyer
58.7%
Sif
58.4%
Agent 13
56%
Enchantress
55.7%
Singularity
55.2%
Miles Morales
54.6%
Squirrel Girl
54.3%
Taskmaster
54.1%
Ms. Marvel
53.8%
Ant-Man
53.5%
Union Jack
53.3%
Hellcat
52.7%
% Correct
Angela
52.2%
She-Hulk
51.4%
Black Panther
51.1%
Doctor Octopus
50.3%
Winter Soldier
50.3%
Captain Marvel
48.4%
M.O.D.O.K
48.4%
War Machine
48.1%
Captain Britain
48.1%
Crossbones
47.8%
Punisher
47.3%
Dracula
47%
America Chavez
45.9%
Madame Hydra
45.1%
Yondu
45.1%
Moon Knight
44.6%
Tigra
43.5%
Green Goblin
42.9%
Wonder Man
42.7%
Ghost Rider
42.1%
Spider-Woman
41.8%
Maria Hill
41%
Pepper Potts
41%
Red Hulk
40.2%
Vision
39.7%
Lucky
39.6%
Venom
38.3%
Mysterio
38%
Misty Knight
37.8%
Wong
37.8%
The Ancient One
37.5%
Nebula
37.5%
Viv
36.8%
Kate Bishop
36.8%
Nico Minoru
36.4%
Rocket Raccoon
35.9%
Beta Ray Bill
35.5%
Lil' Groot
34.4%
Jessica Jones
33.7%
Frigga
33.7%
Mantis
33.3%
Devil Dinosaur
32.7%
Phil Coulson
32.6%
Adam Warlock
32.3%
% Correct
Whiplash
31.5%
Cosmo the Spacedog
30.1%
Hank Pym
29.6%
Silver Sable
29.2%
Amadeus Cho
28.6%
Agent Venom
28.1%
Elektra
27.7%
Quake
26.4%
Mockingbird
24.7%
Captain America 2099
24.7%
Hulkling
24.5%
Jack O'Lantern
23.6%
J. Jonah Jameson
23.6%
Crimson Dynamo
23.6%
Silk
22.5%
Moon Girl
22.4%
Collector
21.5%
Thor Noir
21.5%
Wiccan
21.4%
Odin
21.4%
Nova
20.4%
Longbow
20.4%
Foggy Nelson
20.2%
Ultron
19.8%
Claire Temple
19.1%
Stinger
18.4%
Orrgo
18.4%
Bucky Barnes
18.3%
Spider-Girl
18%
Hawkeye
17.8%
Hercules
16.3%
Jocasta
14.9%
Yellowjacket
14.6%
Elsa Bloodstone
14.3%
Nick Fury
14%
Leader
12.9%
Iron Lad
12.4%
J.A.R.V.I.S
9.7%
Keeper Murdock
8.6%
Ghost Rider 2099
6.5%
Stick
4.5%
Ironheart
2.2%

You're not logged in!

Compare scores with friends on all Sporcle quizzes.
Join for Free
OR
Log In

You Might Also Like...

Show Comments

Extras

Created Jan 16, 2017ReportNominate
Tags:academy, avengers, student, voice

Top Quizzes Today


Score Distribution

Your Account Isn't Verified!

In order to create a playlist on Sporcle, you need to verify the email address you used during registration. Go to your Sporcle Settings to finish the process.

Report this User

Report this user for behavior that violates our Community Guidelines.

Details: